LEADER 00396nab a2200133 i 4500 001 000000265439 003 CaOOAMICUS 005 20180831164717.0 008 180831n xx uu u0 0und r 013 $a8509 040 $aSeMil$bita 245 10$a[vedi periodico]. 773 0 $tProgetto energia.$dMilano : Centro Sociale Ambrosiano, 2006.$w()156299 996 $6245$a[vedi periodico]$9(OLS)http://semarc/title/309439 LEADER 00928nam a2200217 i 4500 001 000000202767 003 CaOOAMICUS 005 20110601000000.0 008 110601s1931 it u000 u ita u 013 $a181478 040 $aSeMil$bita 100 1 $aMarotta, Renato.$0(OLS)http://semarc/name/73242 245 14$aUna pagina della grande guerra :$b(uomini e fatti) /$cRenato Marotta (mutilato di guerra) 250 $a4. ed. 260 $aModena :$bSocietà Tipografica Modenese,$c1931. 300 $a94 p., [8] p. di tav. ;$c20 cm. 650 4$aGuerra mondiale <1914-1918> - Diari e memorie.$0(OLS)http://semarc/subject/4023 850 $aSeMil 852 $aSeMil$W1$xVenegono$y1$m3U I 138$j153266$B153266$CSeMilBibl$Z2$F164252 $81 996 $6245$aUna pagina della grande guerra :$b(uomini e fatti)$9(OLS)http://semarc/title/293500 996 $6260$aModena :$bSocietà Tipografica Modenese$9(OLS)http://semarc/publisher/34709 LEADER 01357nam a2200289 i 4500 001 000000119738 003 CaOOAMICUS 005 20031104000000.0 008 031104s1986 it u000 u ita u 013 $a92432 020 $a88-215-1045-X 040 $aSeMil$bita 100 1 $aFerraro, Giuseppe,$c.$0(OLS)http://semarc/name/89726 245 10$aRavviva il dono :$bcatechesi liturgica sul sacerdozio ministeriale /$cGiuseppe Ferraro. 260 $aCinisello Balsamo :$bEdizioni Paoline,$ccopyr. 1986. 300 $a153 p. ;$c21 cm. 500 $aContiene : Bibliografia. - Fondo Card. C.M. Martini. 650 4$aSacerdozio - Ordinazione - Liturgia - Catechesi.$0(OLS)http://semarc/subject/22445 650 4$aVescovi - Ordinazione - Liturgia - Catechesi.$0(OLS)http://semarc/subject/22446 650 4$aDiaconi - Ordinazione - Liturgia - Catechesi.$0(OLS)http://semarc/subject/22447 850 $aSeMil 852 $aSeMil$W1$xVenegono$y1$m3K II 68$j74945$B74945$CSeMilBibl$Z2$F97830 $81 941 1 $a4 961 $aOmaggio: Martini Card. Carlo Maria 996 $6020$a88-215-1045-X$9(OLS)http://semarc/number/104727 996 $6245$aRavviva il dono :$bcatechesi liturgica sul sacerdozio ministeriale$9(OLS)http://semarc/title/176056 996 $6260$aCinisello Balsamo :$bEdizioni Paoline$9(OLS)http://semarc/publisher/36103 LEADER 01260nam a2200241 i 4500 001 000000224603 003 CaOOAMICUS 005 20131106000000.0 008 131106s1973 xx u000 u fre u 013 $a203501 040 $aSeMil$bita 100 1 $aCollange, Jean-François <1944- >.$0(OLS)http://semarc/name/17320 245 12$aL'Épitre de Saint Paul aux Philippiens /$cJean-François Collange. 260 $aNeuchatel (Suisse) :$bDelachaux et Niestlé,$ccopyr. 1973. 300 $a139 p. ;$c25 cm. 490 0 $aCommentaire du Nouveau Testament [Delachaux et Niestlé] ;$v10.1 500 $aIn mezzo al front : Publié avec le concours du Centre National de la Recherche Scientifique. - Contiene : Bibliographie générale. 650 4$aBibbia. Nuovo Testamento. Lettera ai Filippesi - Commentari, studi, critica, interpretazioni.$0(OLS)http://semarc/subject/6018 830 0$aCommentaire du Nouveau Testament ;$v10.1.$0(OLS)http://semarc/title/39435 850 $aSeMil 852 $aSeMil$W1$xVenegono$y1$m2V V 120$j235240$B174949$CSeMilBibl$Z2$F184952 $81 996 $6245$aL'Épitre de Saint Paul aux Philippiens$9(OLS)http://semarc/title/321876 996 $6260$aNeuchatel (Suisse) :$bDelachaux et Niestlé$9(OLS)http://semarc/publisher/30796